Biography Quiz - Joan of Arc - Statistics

General Stats
  • This quiz has been taken 13 times
  • The average score is 10 of 15
Answer Stats
Question Answer % Correct
How was Joan of Arc killed? Burned alive at the stake
92%
In what famous battle did Joan of Arc lead the French to victory? Siege of Orléans
85%
In what war Joan of Arc fought? The Hundred Years' War
85%
What is the most common nickname for Joan of Arc? The Maid of Orléans
85%
How old was Joan of Arc when she died? 19
77%
Joan was wounded by which type of weapon during that battle? Arrow
77%
What was the primary charge brought against Joan by the ecclesiastical court? Heresy
77%
How old was Joan when she first began hearing the "voices" of saints? 13
69%
When Joan was 16 which Dauphin (the uncrowned heir to the French throne), she decided to ask for an army? Charles VII
54%
Where was Joan of Arc born in 1412? Domrémy
54%
In which city was Joan of Arc’s trial held? Rouen
54%
During her military campaigns, what did Joan prefer to carry instead of a sword? A banner
46%
What city was Joan of Arc defending when she was captured? Compiegne
38%
In which century was Joan of Arc officially canonized as a saint? 20th
31%
Which group captured Joan of Arc in 1430? The Burgundians
31%
No matching quizzes found
Score Distribution
Percent of People with Each Score
Percentile by Number Answered
Your Score History
You have not taken this quiz